Tutti i Papi dal 1900 ad Oggi - Statistics

Statistiche generali
  • Questo quiz è stato fatto 128 volte
    106 dall'ultimo reset
  • Il punteggio medio è 12 su 12
Statistiche sulle risposte
con Immagini Hint Risposta % Corretto
1878 - 1903 Leone XIII
100%
2025 - Leone XIV
100%
2005 - 2013 Benedetto XVI
99%
2013 - 2025 Francesco
99%
1958 - 1963 Giovanni XXIII
99%
1963 - 1978 Paolo VI
99%
1978 - 2005 Giovanni Paolo II
98%
1978 - 1978 Giovanni Paolo I
97%
1914 - 1922 Benedetto XV
95%
1903 - 1914 Pio X
95%
1922 - 1939 Pio XI
95%
1939 - 1958 Pio XII
95%
Nessun quiz corrispondente trovato
Distribuzione punteggi
Percentuale di utenti per punteggio
Percentile per numero di risposta
I tuoi punteggi nel tempo
Non hai fatto questo quiz dall'ultimo reset